000 00477nam a2200193Ia 4500
005 20250603145146.0
008 250603s9999 xx 000 0 und d
020 _a9781260575538
050 _aQ 360 .W47/
100 _aWest, Richard L.
245 0 _aIntroducing communication theory: analysis and application
250 _a7th ed.
260 _aNew York
260 _bMcGraw Hill Education
260 _c2021
300 _a513 p
650 _aNew York
942 _cBK
999 _c41050
_d41050